Republic of Poland : Selected Issues.

This Selected Issues paper analyzes the main factors underlying the evolution of competitiveness, export performance, and labor market developments in Poland. The paper seeks to identify key questions of relevance for policymaking. The overall evolution of competitiveness compared with Poland's...

詳細記述

書誌詳細
団体著者: International Monetary Fund
フォーマット: 雑誌
言語:English
出版事項: Washington, D.C. : International Monetary Fund, 2004.
シリーズ:IMF Staff Country Reports; Country Report ; No. 2004/218
オンライン・アクセス:Full text available on IMF
LEADER 01556cas a2200241 a 4500
001 AALejournalIMF003134
008 230101c9999 xx r poo 0 0eng d
020 |c 5.00 USD 
020 |z 9781451831924 
022 |a 1934-7685 
040 |a BD-DhAAL  |c BD-DhAAL 
110 2 |a International Monetary Fund. 
245 1 0 |a Republic of Poland :   |b Selected Issues. 
264 1 |a Washington, D.C. :  |b International Monetary Fund,  |c 2004. 
300 |a 1 online resource (65 pages) 
490 1 |a IMF Staff Country Reports 
500 |a <strong>Off-Campus Access:</strong> No User ID or Password Required 
500 |a <strong>On-Campus Access:</strong> No User ID or Password Required 
506 |a Electronic access restricted to authorized BRAC University faculty, staff and students 
520 3 |a This Selected Issues paper analyzes the main factors underlying the evolution of competitiveness, export performance, and labor market developments in Poland. The paper seeks to identify key questions of relevance for policymaking. The overall evolution of competitiveness compared with Poland's trading partners and competitors since 1995 is analyzed using standard measures of the real effective exchange rate (REER). This paper also examines the role of foreign investors in financing domestically issued public debt in Poland. 
538 |a Mode of access: Internet 
830 0 |a IMF Staff Country Reports; Country Report ;  |v No. 2004/218 
856 4 0 |z Full text available on IMF  |u http://elibrary.imf.org/view/journals/002/2004/218/002.2004.issue-218-en.xml  |z IMF e-Library